All dōTERRA Essential Oils - Statistics

General Stats
  • This quiz has been taken 8 times
  • The average score is 15 of 58
Answer Stats
Hint Answer % Correct
29 Lavender
86%
30 Lemon
86%
33 Lime
86%
39 Peppermint
86%
43 Rose
71%
48 Spearmint
71%
2 Basil
57%
3 Bergamot
57%
15 Clove
57%
22 Frankincense
57%
25 Grapefruit
57%
51 Melaleuca (Tea Tree)
57%
44 Rosemary
57%
4 Black Pepper
43%
7 Cardamom
43%
36 Myrrh
43%
58 Ylang Ylang
43%
9 Cedarwood
29%
14 Clary Sage
29%
17 Coriander
29%
20 Eucalyptus
29%
23 Geranium
29%
37 Oregano
29%
45 Sandalwood
29%
46 Sandalwood (Hawaiian)
29%
56 Wintergreen (Nepalese)
29%
1 Arborvitae
14%
6 Blue Tansy
14%
18 Cypress
14%
21 Fennel
14%
32 Lemongrass
14%
34 Marjoram
14%
35 Melissa
14%
41 Pink Pepper
14%
42 Roman Chamomile
14%
47 Siberian Fir
14%
50 Tangerine
14%
52 Thyme
14%
54 Vetiver
14%
55 Wild Orange
14%
5 Black Spruce
0%
8 Cassia
0%
10 Celery Seed
0%
11 Cilantro
0%
12 Cinnamon Bark
0%
13 Citronella
0%
16 Copaiba
0%
19 Douglas Fir
0%
24 Ginger
0%
26 Green Mandarin
0%
27 Helichrysum
0%
28 Juniper Berry
0%
31 Lemon Eucalyptus
0%
38 Patchouli
0%
40 Petitgrain
0%
49 Spikenard
0%
53 Turmeric
0%
57 Yarrow|Pom
0%
No matching quizzes found
Score Distribution
Percent of People with Each Score
Percentile by Number Answered
Your Score History
You have not taken this quiz